სამოქალაქო საქმეთა განხილვა პირველი ინსტანციის სასამართლოში : (ბიბ.ჩანაწერი № 40432)
[ მარტივი ფორმატი ]
| 000 -ლიდერი | |
|---|---|
| ფიქსირებული სიგრძის საკონტროლო ველი | 01276nam a2200253Ia 4500 |
| 001 - საკონტროლო ნომერი | |
| საკონტროლო ველი | 7041 |
| 003 - საკონტროლო ნომრის იდენტიფიკატორი | |
| საკონტროლო ველი | GE_BSU |
| 005 - ბოლო ოპერაციის თარიღი და დრო | |
| საკონტროლო ველი | 20200213114231.0 |
| 008 - ფიქსირებული სიგრძის მონაცემთა ელემენტები - ზოგადი ინფორმაცია | |
| ფიქსირებული სიგრძის საკონტროლო ველი | 181216s2006ge xx |||||||||||||| ||geo|| |
| 020 ## - წიგნის საერთაშორისო სტანდარტული ნომერი | |
| International Standard Book Number | 9994046624. |
| 040 ## - კატალოგიზაციის წყარო | |
| Transcribing agency | GE_BSU |
| 041 ## - ენის კოდი | |
| Language code of text/sound track or separate title | geo |
| 080 ## - უნივერსალური ათობითი კლასიფიკაციის ინდექსი | |
| Universal Decimal Classification number | 347.934.6+347.933 ქ-88 |
| 100 ## - მთავარი ჩანაწერი - პიროვნების სახელი | |
| Personal name | ქურდაძე,შალვა. |
| 9 (RLIN) | 7025 |
| 245 ## - ცნობა სათაურის შესახებ | |
| Title | სამოქალაქო საქმეთა განხილვა პირველი ინსტანციის სასამართლოში : |
| Remainder of title | სახელმძღვ. / |
| Statement of responsibility, etc | შალვა ქურდაძე ; რედ. ავთანდილ კობახიძე. |
| 250 ## - გამოცემის ცნობა | |
| Edition statement | მე-2გამოც. |
| 264 ## - წარმოების, გამოცემის, დისტრიბუციის და სხვა ცნობები | |
| გამოცემის, წარმოების, დისტრიბუციის... ადგილი | თბილისი : |
| გამოცემის, წარმოების, დისტრიბუციის... სახელწოდება | მერიდიანი, |
| გამოცემის, წარმოების, დისტრიბუციის... თარიღი | 2006. |
| 300 ## - ფიზიკური აღწერა | |
| Extent | 982 გვ; |
| Dimensions | 21 სმ. |
| 504 ## - BIBLIOGRAPHY, ETC. NOTE | |
| Bibliography, etc | ბიბლოგრაფ:.ტექსტ.შენიშვნ. |
| 653 ## - INDEX TERM--UNCONTROLLED | |
| Uncontrolled term | სამოქალაქო საქმეთა განხილვა პირველი ინსტანციის სასამართლო |
| 653 ## - INDEX TERM--UNCONTROLLED | |
| Uncontrolled term | სამართალი |
| 700 ## - ADDED ENTRY--PERSONAL NAME | |
| Personal name | კობახიძე, ავთანდილ |
| Relator term | რედაქტორი |
| 9 (RLIN) | 7026 |
| 942 ## - ADDED ENTRY ELEMENTS (KOHA) | |
| Koha item type | წიგნი |
| Source of classification or shelving scheme | |
| ჩამოწერის სტატუსი | დაკარგული ეგზემპლარის სტატუსი | კლასიფიკაციის წყარო ან თაროზე გაწყობის სქემა | დაზიანების სტატუსი | არ გაიცემა | მუდმივი მდებარეობა (დაცვის ადგილი) | ამჟამინდელი ადგილსამყოფელი | თაროზე განთავსების ადგილი | შეძენის თარიღი | ღირებულება, შესყიდვის ნორმალური ფასი | სრული შენახვის შიფრი | შტრიხკოდი | ბოლო ოპერაციის თარიღი | ეგზემპლარის მიმდევრობითი ნომერი (კეტერი?) | ფასის ძალაში შესვლის თარიღი | ეგზემპლარის სახეობა | საჯარო შენიშვნა |
|---|---|---|---|---|---|---|---|---|---|---|---|---|---|---|---|---|
| ბათუმის შოთა რუსთაველის სახელმწიფო უნივერსიტეტის მთავარი ბიბლიოთეკა | ბათუმის შოთა რუსთაველის სახელმწიფო უნივერსიტეტის მთავარი ბიბლიოთეკა | წიგნსაცავი | 2018-12-17 | 25.00 | 347.934.6+347.933 ქ-88 | 23014 | 2018-12-17 | 23014 | 2018-12-17 | წიგნი | 25.00 | |||||
| ბათუმის შოთა რუსთაველის სახელმწიფო უნივერსიტეტის მთავარი ბიბლიოთეკა | ბათუმის შოთა რუსთაველის სახელმწიფო უნივერსიტეტის მთავარი ბიბლიოთეკა | წიგნსაცავი | 2018-12-17 | 25.00 | 347.934.6+347.933 ქ-88 | 23015 | 2018-12-17 | 23015 | 2018-12-17 | წიგნი | 25.00 | |||||
| ბათუმის შოთა რუსთაველის სახელმწიფო უნივერსიტეტის მთავარი ბიბლიოთეკა | ბათუმის შოთა რუსთაველის სახელმწიფო უნივერსიტეტის მთავარი ბიბლიოთეკა | წიგნსაცავი | 2018-12-17 | 25.00 | 347.934.6+347.933 ქ-88 | 23016 | 2018-12-17 | 23016 | 2018-12-17 | წიგნი | 25.00 | |||||
| ბათუმის შოთა რუსთაველის სახელმწიფო უნივერსიტეტის მთავარი ბიბლიოთეკა | ბათუმის შოთა რუსთაველის სახელმწიფო უნივერსიტეტის მთავარი ბიბლიოთეკა | წიგნსაცავი | 2018-12-17 | 25.00 | 347.934.6+347.933 ქ-88 | 23017 | 2018-12-17 | 23017 | 2018-12-17 | წიგნი | 25.00 | |||||
| ბათუმის შოთა რუსთაველის სახელმწიფო უნივერსიტეტის მთავარი ბიბლიოთეკა | ბათუმის შოთა რუსთაველის სახელმწიფო უნივერსიტეტის მთავარი ბიბლიოთეკა | წიგნსაცავი | 2018-12-17 | 25.00 | 347.934.6+347.933 ქ-88 | 23018 | 2018-12-17 | 23018 | 2018-12-17 | წიგნი | 25.00 | |||||
| ბათუმის შოთა რუსთაველის სახელმწიფო უნივერსიტეტის მთავარი ბიბლიოთეკა | ბათუმის შოთა რუსთაველის სახელმწიფო უნივერსიტეტის მთავარი ბიბლიოთეკა | წიგნსაცავი | 2018-12-17 | 25.00 | 347.934.6+347.933 ქ-88 | 45569 | 2018-12-17 | 45569 | 2018-12-17 | წიგნი | 25.00 |
